Sabana Grande de Boya y el Institulo Comercial Ponciano fundado el 1 de abril de 1971/ (Registro nro. 14628)

Detalles MARC
000 -LIDER
fixed length control field 00808nam a2200229 a 4500
001 - NÚMERO DE CONTROL
Identificador de número de control 000020658
003 - IDENTIFICACDOR DE NÚMERO DE CONTROL
control field DO-SdBNP
005 - DATE AND TIME OF LATEST TRANSACTION
control field 20240415114508.0
008 - ELEMENTOS DE LONGITUD FIJA
fixed length control field 100812s2015 dr 000 spa d
040 ## - FUENTE DE CATALOGACIÓN
Agencia que crea de manera original el registro DO-SdBNP
Idioma de catalogación spa
Agencia que realiza la transcripción BPMSU
082 #4 - NÚMERO DE CLASIFICACIÓN DECIMAL DE DEWEY
Classification number 972.9377
Item number P792s 2015
Edition number 22
100 1# - ASIENTO PRINCIPAL -- NOMBRE PERSONAL
Nombre personal Ponjceano, Pedro
Fechas asociadas con el nombre
245 10 - MENCIÓN DE TITULO
Título Sabana Grande de Boya y el Institulo Comercial Ponciano fundado el 1 de abril de 1971/
Mención de responsabilidad Farah Hallal. ; editor Julian Quezada
260 ## - PUBLICACIÓN, DISTRIBUCIÓN, ETC. (PIE DE IMPRENTA)
Lugar de publicación, distribución, etc Santo Domingo :
Nombre del editor, distribuidor, etc. Copyrignt,
Fecha de publicación, distribución, etc 2015
300 ## - DESCRIPCIÓN FÍSICA
Extensión 219 p. ;
Dimensiones 23 cm.
590 ## - NOTA LOCAL
Texto de la nota local Inventariado, 2024/VM
650 #4 - ENCABEZAMIENTO DE MATERIA--TEMÁTICO
Término temático o nombre geográfico como elemento de entrada Ciudades y pueblos
Subdivisión geográfica República Dominicana
651 #4 - ENCABEZAMIENTO DE MATERIA--NOMBRE GEOGRÁFICO
Nombre geográfico Sabana Grande de Boyá (República Dominicana : municipio)
Subdivisión temática general Historia
700 1# - ASIENTO SECUNDARIO -- NOMBRE PERSONAL
Nombre personal Quezada, Julian
Mención de responsabilidad editor
910 ## - VALIDACIÓN
Validación VMateo V. Control de calidad. BPMSU
942 ## - ADDED ENTRY ELEMENTS (KOHA)
Source of classification or shelving scheme Dewey Decimal Classification
Koha item type Libros
Existencias
Withdrawn status Lost status Source of classification or shelving scheme Damaged status Not for loan Collection code Home library Current library Date acquired Total Checkouts Full call number Barcode Date last seen Price effective from Koha item type
    Dewey Decimal Classification     Colección Dominicana Biblioteca Pública Metropolitana Salomé Ureña Biblioteca Pública Metropolitana Salomé Ureña 04/15/2024   BPMSU CD 972.9377 P792s 2015 BPMSU24040017 04/15/2024 04/15/2024 Libros